000 01084naa a22002897a 4500
001 BR8106322
003 BR-BrBNA
005 20240918174950.0
007 ta
008 230509b bl.||||| |||| 00| 0 por d
040 _aBR-BrBNA
_bpor
_cBiblioteca Nacional de Agricultura
041 _a(Pt)
072 _aM40; M10
_b8140
_bG514
090 _aM40 BR8106322
100 1 _aSilva, J.W.B. e
245 1 _aConsideracoes sobre a biologia da pesca da curimata comum Prochilodus cearensis Steindachner, no acude publico Pereira de Miranda (Pentecoste, Ceara, Brasil), no periodo de 1968 a 1971
260 3 _aFortaleza, CE (Brasil):
_c1981.
500 _a2. Coletanea de trabalhos tecnicos. Pesca e piscicultura Fortaleza, CE (Brasil): 1981. p. 9-34 (BR8106322-AM)M40
650 _aBIOLOGIA AQUATICA
650 _aPESCA
650 _aCAPTURA
650 _aCURIMATA
650 _aCEARA
773 0 _t2. Coletanea de trabalhos tecnicos. Pesca e piscicultura
_wM40 BR8106322
_gFortaleza, CE (Brasil), 1981. p. 9-34
909 _a202404
_bLucia
_c55
_dLucia Elande
942 _cAM
_2AGRIS
999 _c314390
_d314390